A TEXTBOOK OF FORENSIC PHARMACY (Record no. 8227)

MARC details
000 -LEADER
fixed length control field 00446nam a22001817a 4500
005 - DATE AND TIME OF LATEST TRANSACTION
control field 20230130153806.0
008 - FIXED-LENGTH DATA ELEMENTS--GENERAL INFORMATION
fixed length control field 230130b |||||||| |||| 00| 0 eng d
020 ## - INTERNATIONAL STANDARD BOOK NUMBER
ISBN 81-85731-13-6
041 ## - LANGUAGE CODE
Language code of text/sound track or separate title eng
082 ## - DEWEY DECIMAL CLASSIFICATION NUMBER
Classification number 615 MIT -F
100 ## - MAIN ENTRY--AUTHOR NAME
Personal name MITHAL ,B.M
245 ## - TITLE STATEMENT
Title A TEXTBOOK OF FORENSIC PHARMACY
250 ## - EDITION STATEMENT
Edition statement 10th ed.
260 ## - PUBLICATION, DISTRIBUTION, ETC. (IMPRINT)
Name of publisher VALLABH PRAKASHAN
Year of publication 2020
300 ## - PHYSICAL DESCRIPTION
Number of Pages 239;P.
650 ## - SUBJECT ADDED ENTRY--TOPICAL TERM
Topical Term PHARMACY
General subdivision B.PHARMA
942 ## - ADDED ENTRY ELEMENTS (KOHA)
Koha item type Books
Holdings
Lost status Damaged status Collection code Home library Current library Shelving location Date acquired Source of acquisition Cost, normal purchase price Full call number Accession Number Koha item type
    PHARMACY JRU Library JRU Library SHELF-19-E 23/01/2023 LOHIA BOOK INTERNATIONAL 210.00 615 MIT -F 27483 Books
    PHARMACY JRU Library JRU Library SHELF-19-E 23/01/2023 LOHIA BOOK INTERNATIONAL 210.00 615 MIT -F 27484 Books
    PHARMACY JRU Library JRU Library SHELF-19-E 23/01/2023 LOHIA BOOK INTERNATIONAL 210.00 615 MIT -F 27485 Books
    PHARMACY JRU Library JRU Library SHELF-19-E 23/01/2023 LOHIA BOOK INTERNATIONAL 210.00 615 MIT -F 27486 Books
    PHARMACY JRU Library JRU Library SHELF-19-E 23/01/2023 LOHIA BOOK INTERNATIONAL 210.00 615 MIT -F 27487 Books
    PHARMACY JRU Library JRU Library SHELF-19-E 23/01/2023 LOHIA BOOK INTERNATIONAL 210.00 615 MIT -F 27488 Books
    PHARMACY JRU Library JRU Library SHELF-19-E 23/01/2023 LOHIA BOOK INTERNATIONAL 210.00 615 MIT -F 27489 Books
    PHARMACY JRU Library JRU Library SHELF-19-E 23/01/2023 LOHIA BOOK INTERNATIONAL 210.00 615 MIT -F 27490 Books
    PHARMACY JRU Library JRU Library SHELF-19-E 23/01/2023 LOHIA BOOK INTERNATIONAL 210.00 615 MIT -F 27491 Books
    PHARMACY JRU Library JRU Library SHELF-19-E 23/01/2023 LOHIA BOOK INTERNATIONAL 210.00 615 MIT -F 27492 Books